| Tag |
First Indicator |
Second Indicator |
Subfields |
| LEADER |
00000cam a2200000 4500 |
| 001 |
in00000038537 |
| 005 |
20151007081121.0 |
| 008 |
720117s1946 eng u |
| 010 |
|
|
|a 46005721
|
| 035 |
|
|
|a (OCoLC)00222965
|
| 035 |
|
|
|9 AAF5896AM
|
| 040 |
|
|
|c YNG
|d TXA
|d UtOrBLW
|
| 049 |
|
|
|a TXAM
|c [141655]
|
| 090 |
|
|
|a JA83
|b .R7
|
| 092 |
|
|
|a 320.9
|b R854t
|
| 100 |
1 |
|
|a Rouček, Joseph S.
|q (Joseph Slabey),
|d 1902-1984.
|
| 245 |
1 |
0 |
|a Twentieth century political thought /
|c edited by Joseph S. Roucek.
|
| 264 |
|
1 |
|a New York :
|b Philosophical library,
|c [1946]
|
| 300 |
|
|
|a x pages, 2 leaves, 657 pages
|
| 336 |
|
|
|a text
|b txt
|2 rdacontent
|
| 337 |
|
|
|a unmediated
|b n
|2 rdamedia
|
| 338 |
|
|
|a volume
|b nc
|2 rdacarrier
|
| 504 |
|
|
|a Includes bibliographies.
|
| 650 |
|
0 |
|a Political science
|x History.
|
| 999 |
|
|
|a MARS
|
| 999 |
f |
f |
|s e2fb9beb-fa69-3488-b5e4-12b1fe6ffedd
|i 150175e5-c159-3a8c-9566-e7f519fdf808
|t 0
|
| 952 |
f |
f |
|p ric
|a Texas A&M University
|b Rellis Campus
|c Joint Library Facility
|d Remote Storage
|t 0
|e JA83 .R7
|h Library of Congress classification
|i unmediated -- volume
|m A14800659652
|
| 998 |
f |
f |
|a JA83 .R7
|t 0
|l Remote Storage
|